000 00872cam a22002777a 4500
001 14684921
003 NUST
005 20230327124132.0
008 070104s2007 pk 000 d urd
010 _a 2006330988
020 _a9693519140
025 _aP-U-2006330988; 10; 11
040 _aDLC
_cDLC
050 0 0 _aMLCSA 2006/00758 (P)
082 _a891.4392,ASH
100 1 _aAshfāq Aḥmad,
_d1925-2004.
_9639
245 1 0 _aAsoodagi :
_bTalqeen Shah /
_cAshfaq Ahmad.
246 1 _iTitle on t.p. verso:
_aAasoodgi (Talqeen Shah)
260 _aLahore :
_bSang-i Mīl Pablīkeshanz,
_c2007.
300 _a512 p. ;
_c21 cm.
500 _aPlay.
546 _aIn Urdu.
906 _a7
_bcbc
_corignew
_d4
_encip
_f20
_gy-gencatlg
942 _2ddc
_cBK
_k891.4392,ASH
999 _c594340
_d594340